00000000cam 2200000zi 4500
0019.962620
003CaOODSP
00520260507090206
006m     o  d f      
007cr bn|||||||||
008260507e20260506onc     ol   f000 0 fre d
040 |aCaOODSP|bfre|erda|cCaOODSP
0410 |aeng|afre
043 |an-cn---
0861 |aXB451-277/1-PDF
1101 |aCanada. |bParlement. |bChambre des communes, |eorganisme de publication.
24513|aAn Act to provide for the regulation of the online use of deepfakes and for related transparency measures = |bLoi prévoyant la réglementation de l’utilisation des hypertrucages en ligne et des mesures connexes relatives à la transparence.
24611|aLoi prévoyant la réglementation de l’utilisation des hypertrucages en ligne et des mesures connexes relatives à la transparence
2461 |iTitre abrégé : |aLoi réglementant l’utilisation des hypertrucages en ligne
264 1|a[Ottawa] : |bHouse of Commons of Canada = Chambre des communes du Canada, |cle 6 mai 2026.
300 |a1 ressource en ligne (ii, 5 pages).
336 |atexte|btxt|2rdacontent/fre
337 |ainformatique|bc|2rdamedia/fre
338 |aressource en ligne|bcr|2rdacarrier/fre
4901 |aProjet de loi C-... ; |vProjet de loi C-277, 1re session, 45e législature
500 |a« Première session, quarante-cinquième législature, 3-4 Charles III, 2025-2026. »
500 |a« Première lecture, le 6 mai 2026. »
500 |a« M. Coteau. »
520 |a« Le texte édicte la Loi réglementant l’utilisation des hypertru cages en ligne afin de réglementer l’utilisation et la diffusion des hypertrucages en ligne, d’accroître la transparence et de protéger les individus et leurs intérêts contre des préjudices graves. Il établit également un régime de sanctions administratives pécuniaires afin de favoriser le respect de cette loi » -- Sommaire, page ii.
546 |aTexte en anglais et en français.
650 6|aHypertrucage|xDroit|zCanada|vLégislation.
650 6|aFraude informatique|xDroit|zCanada|vLégislation.
655 7|aProjets de loi|2rvmgf
788 |tAn Act to provide for the regulation of the online use of deepfakes and for related transparency measures = |eeng|w(CaOODSP)9.962619
830#0|aProjet de loi C-...|vProjet de loi C-277, 1re session, 45e législature.|w(CaOODSP)9.500660
85640|qPDF|s124 Ko|uhttps://publications.gc.ca/collections/collection_2026/parl/XB451-277-1.pdf
8564 |qHTML|sS.O.|uhttps://www.parl.ca/documentviewer/fr/45-1/projet-loi/C-277/premiere-lecture